000 01753cam a22004337a 4500
003 CHAP
005 20220329133540.0
008 971013s1992 r 00010 d
010 _a7727
011 _a8699
035 _a7929
040 _cCHAP
082 _a333.7263
_bL3
100 0 0 _aLarios Romero, Juan.
_964925
245 0 _aFisiografía, ambientes y usos agrícolas de la tierra en Tabasco, Méx.
260 _aChapingo, Méx. :
_bUACH. Dirección de Centros Regionales,
_c1992
300 _a130 p.
_b: ilus. mapas : anexo
590 _aBATCH-UPD
_b10
_c20130109
_lUCH01
_h2308
590 _aBATCH-UPD
_b10
_c20130110
_lUCH01
_h0012
590 _aBATCH-UPD
_b10
_c20130110
_lUCH01
_h1140
590 _aBATCH-UPD
_b10
_c20130409
_lUCH01
_h1824
590 _aBATCH-UPD
_b10
_c20130410
_lUCH01
_h0726
590 _aBATCH-UPD
_b10
_c20130913
_lUCH01
_h2244
590 _aCONVERSION
_b10
_c20130109
_lUCH01
_h1305
650 1 4 _aAgricultura
_xTabasco.
_91830
650 1 4 _aGeografía física.
_947590
650 1 4 _aTierras
_xAprovechamiento
_xTabasco.
_9113087
650 1 4 _aTierras
_xUtilización.
_9113219
700 0 _aHernández, Jorge.
_954778
710 0 _aUACH. Dirección de Centros Regionales Universitarios.
_9115918
901 _aBK
942 _cLIBRO
949 _a333.7263 L3
_bBC
_cLIBRO
_d33724000333951
_eLIBRO
_fc.4
_h83997
_i7929
_mD
_si
949 _a333.7263 L3
_bBC
_cLIBRO
_d33724000334058
_eLIBRO
_fc.2
_h83995
_i7929
_mD
_si
949 _a333.7263 L3
_bBC
_cLIBRO
_d33724000334066
_eLIBRO
_fc.5
_h83998
_i7929
_mD
_si
949 _a333.7263 L3
_bBC
_cLIBRO
_d33724000334074
_eLIBRO
_h83994
_i7929
_mD
_si
949 _a333.7263 L3
_bBC
_cLIBRO
_d33724000334082
_eLIBRO
_fc.3
_h83996
_i7929
_mD
_si
949 _a333.7263 L3
_bBC
_cUACH
_d-17904
_eUACH
_fc.6
_h83999
_i7929
_mD
_si
999 _c7727
_d7727